Normal view MARC view
  • Great Britain

Entry Corporate Name

Number of records used in: 2

001 - CONTROL NUMBER

  • control field: 6107

003 - CONTROL NUMBER IDENTIFIER

  • control field: OSt

005 - DATE AND TIME OF LATEST TRANSACTION

  • control field: 20190806150249.0

008 - FIXED-LENGTH DATA ELEMENTS

  • fixed length control field: 120904n| acannaabn |n ana d

040 ## - CATALOGING SOURCE

  • Original cataloging agency: OSt
  • Transcribing agency: OSt

110 2# - HEADING--CORPORATE NAME

  • Corporate name or jurisdiction name as entry element: Great Britain
  • Subordinate unit: Board of Ordnance

670 ## - SOURCE DATA FOUND

  • Source citation: General survey of England and Wales. An entirely new & accurate survey of the county of Kent, with part of the county of Essex, 1801
  • Information found: t.p. (under the direction of Captn. W. Mudge)